| 000 | 00535nam a2200193Ia 4500 | ||
|---|---|---|---|
| 005 | 20250508151740.0 | ||
| 008 | 008 250505s9999 xx 000 0 hin d | ||
| 020 | _a81-7055-804-2 | ||
| 037 | _aTextual | ||
| 040 |
_aFEDL _beng _cFEDL |
||
| 041 |
_ahin _2eng |
||
| 084 |
_a891.4308, GUP _qFEDL |
||
| 100 |
_aGupta Braha Swaroop _9759881 |
||
| 245 | 0 | _aHindi gadya tarangini | |
| 260 |
_aDelhi, India _bSaraswati Publishing House |
||
| 300 | _a198p. | ||
| 942 |
_cTEXL _h891.4308, GUP |
||
| 999 |
_c1331897 _d1331897 |
||